Пособие по практике английского языка: учебное пособие для старших курсов институтов и факультетов иностранных языков

Dades bibliogràfiques
Autor principal: Прохорова В. И. Вера Ивановна
Altres autors: Сошальская Е. Г. Елена Георгиевна
Idioma:rus
anglès
Publicat: Москва, Высшая школа, 1979
Matèries:
Format: MixedMaterials Llibre
KOHA link:https://koha.lib.tpu.ru/cgi-bin/koha/opac-detail.pl?biblionumber=673959

MARC

LEADER 00000nam0a2200000 4500
001 673959
005 20240806095513.0
090 |a 673959 
100 |a 20240806d1979 m||y0rusy50 ca 
101 0 |a rus  |a eng 
102 |a RU 
105 |a y j 000yy 
181 0 |a i   |b  e  
182 0 |a n 
183 0 |a nc  |2 RDAcarrier 
200 1 |a Пособие по практике английского языка  |d Oral Practice Through Stylistic Analysis  |e учебное пособие для старших курсов институтов и факультетов иностранных языков  |f В. И. Прохорова, Е. Г. Сошальская 
203 |a Текст  |b визуальный  |c непосредственный 
210 |a Москва  |c Высшая школа  |d 1979 
215 |a 115 с. 
283 |a volume  |2 RDAcarrier 
606 1 |a Английский язык  |x Учебные пособия для высшей школы  |x Перевод  |x Стилистика  |9 83378 
610 1 |a учебные пособия 
610 1 |a устная речь 
610 1 |a стилистический анализ 
610 1 |a тексты 
610 1 |a упражнения 
686 |2 rubbk  |a Ш143.21-923.7 
700 1 |a Прохорова  |b В. И.  |g Вера Ивановна 
701 1 |a Сошальская  |b Е. Г.  |g Елена Георгиевна 
801 0 |a RU  |b 63413507  |c 20240806 
830 |a Ретро2024Каталогизация Кузнецова 
850 |a 63413507 
942 |c BK